| 000 | 00464nam a22001337a 4500 | ||
|---|---|---|---|
| 005 | 20251108173622.0 | ||
| 008 | 250721s2005 xx 000 0 ara d | ||
| 082 | 1 | 4 | _a342.73/حول |
| 245 | 1 | 0 | _aحول أميركا : دستور الولايات المتحدة الأميركية مع ملاحظات تفسيرية / |
| 264 | 1 |
_aأمريكا : _bوزارة الخارجية الامريكية، _c2005. |
|
| 300 | _a87ص. | ||
| 942 |
_2ddc _cBK |
||
| 999 |
_c108255 _d108255 |
||